Jugadores Alemania #3 - Estadísticas

Estadísticas generales
  • Esta prueba ha sido intentada 13 veces
  • La puntuación promedio es 10 de 20
Estadísticas de respuestas
Imagen Respuesta % Correcto
Leno
83%
Pavlovic
83%
Gross
75%
Trapp
75%
Baumann
67%
Gosens
67%
Kehrer
67%
Klostermann
67%
Beier
58%
Baku
50%
Gunter
50%
Hofmann
50%
Nubel
50%
Knauff
42%
Weigl
42%
Mukhtar
33%
Kuhn
25%
Fuhrich
17%
Unnerstall
17%
Stach
0%
No se encontraron pruebas coincidentes
Distribución de puntuación
Porcentaje de gente con cada puntuación
Porcentaje por número respondido
Historial de tus puntuaciones
No has intentado esta prueba.